000 00550nam a2200205 a 4500
001 BRL_429
005 20190320210734.0
008 120813s1951----mx-a######---#000-0#spa-#
041 _aspa
044 _amx
050 4 _aF1391.G8
_b.L43 1951
100 1 _aLeal, Manuel
_923886
245 1 0 _aAñoranzas y panoramas Guanajuatenses
_cpor M. Leal.
260 _aMéxico
_bGuanajuatense Alfonso Cué de la Fuente
_c1951
300 _a217 p.
_bil.
_c23 cm.
500 _aAu452
651 4 _aGuanajuato (México)
_923887
902 _aGRL
942 _2lcc
_cB
999 _c9241
_d9241